• 首页
  • 本馆介绍
  • 公告通知
  • 最新文献
  • 馆藏检索
  • 电子资源
  • 读者导购
  • 参考咨询
  • 我的图书馆
  • 登录
  • 详细信息显示
  • 放入我的书架
  • 预约/预借图书
  • 作者相关作品
  • 分类相关作品
  • 丛书相关作品
  • 出版社相关作品

书目信息

  • 表格格式
  • 工作单格式
  • 卡片格式
题名:
论语今读
    
 
作者: 李泽厚 著
分册:  
出版信息: 北京   三联书店  2004
页数: 539页
开本: 23cm
丛书名:
单 册:
中图分类: B222.22
科图分类:
主题词: 儒家
电子资源:
ISBN: 7-108-02005-X
000 00739nam0 2200253 450
001 002651663
005 20061101160115.42
010    @a7-108-02005-X@dCNY38.60
100    @a20040526d2004 em y0chiy0110 ea
101 0  @achi
102    @aCN@b110000
105    @ay z 000yy
200 1  @a论语今读@9lun yu jin du@f李泽厚著
210    @a北京@c三联书店@d2004
215    @a539页@d23cm
330    @a本书阐释了三个重点内容,即培育人性感情、了解和区分宗教性私德与社会公德、重视和把握个体命运的偶然。
510 1  @aReading the Analects Today@zeng
605    @a论语@x注释
605    @a论语
606 0  @a儒家
690    @aB222.22@v4
701  0 @a李泽厚@9li ze hou@f(1930~)@4著
801  0 @aCN@bNLC@c20061101
905    @a10447@dB222.22@e266
    
    论语今读/李泽厚著.-北京:三联书店,2004
    539页;23cm
    
    
    ISBN 7-108-02005-X:CNY38.60
    本书阐释了三个重点内容,即培育人性感情、了解和区分宗教性私德与社会公德、重视和把握个体命运的偶然。
●
相关链接 在E读中查询图书 在五车中查询图书 在当当中查询图书 在豆瓣中查询图书


正题名:论语今读     索取号:B222.22/266         预约/预借

序号 登录号 条形码 馆藏地/架位号 状态 备注
1 0387217   203872176   第一样本阅览室/ [索取号:B222.22/266] 在馆    
2 0387218   203872185   第一借阅区/ [索取号:B222.22/266] 在馆    
3 0387219   203872194   第一借阅区/ [索取号:B222.22/266] 在馆    
4 0387220   203872201   第一借阅区/ [索取号:B222.22/266] 在馆    
5 0387221   203872210   第一借阅区/ [索取号:B222.22/266] 已借出,限还日期为2012.12.13
借出人:赵宏铭  
 
唐山师范学院图书馆 欢迎您!
大连网信软件有限公司© 版权所有